Since U Been Gone - Kelly Clarkson (All Lyrics) - Statistics

General Stats
  • This quiz has been taken 2,915 times
    1,324 since last reset
  • The average score is 219 of 262
Answer Stats
Answer % Correct
be
100%
Since
100%
since
100%
been
99%
Been
99%
gone.
99%
Gone.
99%
gone,
99%
I
99%
You
99%
you
99%
you.
99%
the
98%
time.
94%
Yeah,
94%
yeah.
94%
yeah,
94%
yeah
94%
can
93%
for
93%
first
92%
to
92%
It
90%
it
90%
it?
90%
it.
90%
U
89%
breathe
87%
hear
87%
all
86%
on,
86%
on.
86%
want.
85%
what
85%
get
84%
get.
84%
get,
84%
I'm
84%
was
84%
And
83%
and
83%
we
83%
but
82%
But
82%
now
82%
me
81%
moving
80%
so
80%
out
79%
Out
79%
say
78%
say.
78%
say,
78%
started
77%
pretend.
76%
friends.
75%
Thanks
75%
with
75%
your
75%
thing,
74%
Here's
73%
how
73%
How
73%
cool
72%
ever
71%
is
71%
took
71%
of
70%
can't
68%
mine.
68%
just
67%
that
66%
called
63%
Wasn't
63%
dedicated,
62%
long
62%
Again
61%
again
61%
again.
61%
had
58%
love
58%
never
57%
mind.
56%
take
56%
you'd
56%
chance,
55%
pictured
55%
blew
54%
sight,
53%
wanna
53%
mouth,
50%
Shut
50%
song.
49%
stupid
48%
fell
46%
till
46%
felt
44%
I'd
44%
way.
44%
even
43%
know
43%
put
41%
come
39%
guess
36%
That's
36%
should
31%
No matching quizzes found
Score Distribution
Percent of People with Each Score
Percentile by Number Answered
Your Score History
You have not taken this quiz since the last reset